| 000 | 00594nam a2200205 i 4500 | ||
|---|---|---|---|
| 001 | 33269 | ||
| 003 | ES-MaACL | ||
| 005 | 20250813062711.0 | ||
| 007 | t| | ||
| 008 | 030201s1981 sp ||||1| spa d | ||
| 100 | 1 |
_aBergamín, José, _d1895-1983 _927925 |
|
| 245 | 1 | 0 |
_aAl fin y al cabo _b: (prosas) / _cJosé Bergamín. |
| 260 |
_a[Madrid] : _bAlianza Editorial, _c[1981] |
||
| 300 |
_a282 p. ; _c20 cm. |
||
| 490 | 1 |
_aAlianza tres ; _v63 |
|
| 830 | 0 | 0 |
_aAlianza tres _v63 _9177344 |
| 852 |
_aES-MaACL _jL-694 _bR.101369 |
||
| 852 |
_aES-MaACL _jL-5618 _bR.106137 |
||
| 999 |
_c33269 _d33269 |
||